Normale Ansicht MARC-Ansicht ISBD

Voprosy vseobščej istorii (Titelsatznr. 61815)

[ MARC ]
MARC-Details
000 -Satzkennung
Kontrollfeld mit fester Länge 01147nad a22002773uc4500
001 - Kontrollnummer
Kontrollfeld DHIM2023022716080031
003 - Kontrollnummer Identifier
Kontrollfeld RU-10907106
005 - Datum und Zeit der letzten Transaktion
Kontrollfeld 20230906181646.0
008 - Feld mit fester Länge zur physischen Beschreibung - Allgemeine Angaben
Kontrollfeld mit fester Länge 230227b |||||||| |||| 00| 0 rus d
040 ## - Katalogisierungsquelle
Original-Katalogisierungsstelle RU-10907106
Katalogisierungssprache ger
Übertragungsstelle RU-10907106
245 ## - Titel
Titel Voprosy vseobščej istorii
Zählung des Teils/der Abteilung eines Werkes Vypusk 11
Titel eines Teils/einer Abteilung eines Werkes Zapad, Vostok i Rossija : nacional'no-kul'turnaja identičnost' v istoričeskom kontekste
264 ## - Produktion, Veröffentlichung, Distribution, Herstellung und Urheberrechtsvermerk
Herstellungs-, Veröffentlichungs- Vertriebs-, Erzeugungsort Ekaterinburg
Produzent, Herausgeber, Distributor, Hersteller GOU VPO "Ural'skij gosudarstvennyj pedagogičeskij universitet"
Datum der Herstellung, der Veröffentlichung, des Vertriebs oder des Urheberschutzvermerks 2009
300 ## - Physische Beschreibung
Umfang 209 Seiten
336 ## - Inhaltstyp
Quelle rdacontent
Inhaltstypterm Text
Inhaltstypcode txt
337 ## - Medientyp
Quelle rdamedia
Bezeichnung des Medientyps Ohne Hilfsmittel zu benutzen
Medientypcode n
338 ## - Datenträgertyp
Quelle rdacarrier
Datenträgertypbezeichnung Band
Datenträgertypcode nc
490 0# - Gesamttitelangabe
Gesamttitelangabe Voprosy vseobščej istorii
Bandnummer/Folgebezeichnung Vypusk 11
650 ## - Nebeneintragung unter einem Schlagwort - Sachschlagwort
Sachschlagwort oder geografischer Name als Eintragungselement Weltgeschichte
650 ## - Nebeneintragung unter einem Schlagwort - Sachschlagwort
Sachschlagwort oder geografischer Name als Eintragungselement Internationale Politik
700 ## - Nebeneintragung - Personenname
Funktionsbezeichnungscode edt
Personenname Zemcov, Vladimir Nikolaevič
Funktionsbezeichnung HerausgeberIn
Koha-Normdatenidentnummer 21046
700 ## - Nebeneintragung - Personenname
Funktionsbezeichnungscode edt
Personenname Kuz'min. Vadim Aleksandrovič
Funktionsbezeichnung HerausgeberIn
Koha-Normdatenidentnummer 21047
700 ## - Nebeneintragung - Personenname
Personenname Sutyrin, B. V.
Koha-Normdatenidentnummer 21048
Funktionsbezeichnungscode edt
Funktionsbezeichnung HerausgeberIn
710 ## - Nebeneintragung - Körperschaftsname
Funktionsbezeichnungscode isb
Körperschafts- oder Gebietskörperschaftsname als Eintragungselement Ural'skij gosudarstvennyj pedagogičeskij universitet
Funktionsbezeichnung Herausgebendes Organ
Koha-Normdatenidentnummer 21045
773 08 - Übergeordnete Einheit
Zählung und erste Seite Vypusk11
Datensatzkontrollnummer DHIM2023022715310033
942 ## - Zusätzliche Felder (Koha)
Klassifikation oder Aufstellungssystematik Andere/Generische Klassifikation
Koha-Medientyp Monographien
Exemplare
Ausgeschieden Verloren Klassifikation oder Aufstellungssystematik Beschädigt Nicht entleihbar Heimatbibliothek Aufenthaltsbibliothek Aufstellungsort Erwerbungsdatum Inventarnummer Signatur Barcode Letzte Aktivität Preis gültig von Koha-Medientyp
    Andere/Generische Klassifikation     MWN Osteuropa MWN Osteuropa Lesesaal - 1 27/02/2023 23-00090 W 10 B b Zem E00401080801242B 27/02/2023 27/02/2023 Monographien